000 00940nam a2200265 a 4500
001 57539
003 BD-RjUL
005 20211209080526.0
008 101216s1989 ii a b 001 0 eng
020 _a0803996098 (U.S.)
035 _a(BD-RjUL) 57663
040 _dNjP
_dBD-RjUL
_aBD-RjUL
_beng
_cBD-RjUL
041 _aeng
082 0 _a306.850954
_223
_bSOC 1989
245 0 0 _aSociety from the inside out :
_banthropological perspectives on the South Asian household /
_cedited by John N. Gray and David J. Mearns.
260 _aNew Delhi ;
_aNewbury Park :
_bSage Publications,
_cc1989.
300 _a263 p. :
_bill. ;
_c23 cm.
504 _aIncludes bibliographical references and index.
650 0 _aHouseholds
_zSouth Asia.
_9170864
650 0 _aFamilies
_zSouth Asia.
_9170865
650 0 _aKinship
_zSouth Asia.
_9170866
700 1 _aGray, John N.,
_d1945-
_9170867
700 1 _aMearns, David J.,
_d1948-
_9170868
942 _2ddc
_cBK
999 _c57539
_d57539